| 000 | 01016cam a22002533a 4500 | ||
|---|---|---|---|
| 001 | 19264 | ||
| 003 | PGUSA | ||
| 005 | 20140828083416.0 | ||
| 008 | 060913s2006||||xxu|||||s|||||000 p eng d | ||
| 040 |
_aPGUSA _beng |
||
| 042 | _adc | ||
| 050 | 4 | _aPL | |
| 245 | 1 | 0 |
_aJapanese Literature : _bIncluding Selections from Genji Monogatari and Classical Poetry and Drama of Japan _h[electronic resource] |
| 260 |
_bProject Gutenberg, _c2006 |
||
| 505 | 0 | _aGenji Monogatari, by Murasaki Shikib; translated into English by Suyematz Kenchio -- Classical poetry of Japan: selections, translated by B. H. Chamberlain -- The drama of Japan: selected plays, translated by B. H. Chamberlain. | |
| 506 | _aPublic domain in the USA. | ||
| 516 | _aElectronic text | ||
| 653 | _aJapan -- Literary collections | ||
| 653 | _aJapanese literature -- Translations into English | ||
| 700 | 1 |
_aWilson, Epiphanius, _d1845-1916 |
|
| 830 | 0 |
_aProject Gutenberg _v19264 |
|
| 856 | 4 | 0 | _uhttp://www.gutenberg.org/ebooks/19264 |
| 942 | _cEB | ||
| 999 |
_c248519 _d248519 |
||